00423 a2200121 4500100003100000245004200031300003800073650002300111773005500134942000700189952008800196999001700284 aOCLOO, Della Russel926464 aBorteyman-Ashale Botwe road completed aFriday, September 1,2023 Pages 29 aTransport 9138060 dAccra Daily Graphic 2023tDaily Graphicx0855-1529 cPR 001040718PRaPLbPLcTFEWd2023-09-11l0r2023-09-11 00:00:00t1w2023-09-11yPR c45834d45834